La parálisis infantil epidémica (Record no. 68768)

MARC details
000 -LEADER
campo de control de longitud fija 01160nam a2200241 i 4500
001 - NÚMERO DE CONTROL
campo de control 68768
003 - IDENTIFICADOR DE NÚMERO DE CONTROL
campo de control ES-MaACL
005 - FECHA Y HORA DE LA ÚLTIMA TRANSACCIÓN
campo de control 20251001204325.0
007 - CAMPO FIJO DE DESCRIPCIÓN FÍSICA--INFORMACIÓN GENERAL
campo de control de longitud fija t|
008 - DATOS DE LONGITUD FIJA--INFORMACIÓN GENERAL
campo de control de longitud fija 040708s1946 sp ||||1| spa d
100 1# - ENTRADA PRINCIPAL--NOMBRE DE PERSONA
Nombre de persona Glanzmann, Eduard.
9 (RLIN) 57390
245 13 - MENCIÓN DEL TÍTULO
Título La parálisis infantil epidémica
Resto del título : (Poliomielitis) /
Mención de responsabilidad, etc. por E. Glanzmann ; versión española y notas por los doctores Pedro Farreras Valentí y Agustín Pérez Soler.
260 ## - PUBLICACIÓN, DISTRIBUCIÓN, ETC.
Lugar de publicación, distribución, etc. Barcelona :
Nombre del editor, distribuidor, etc. Byp,
Fecha de publicación, distribución, etc. 1946.
300 ## - DESCRIPCIÓN FÍSICA
Extensión 2 t. en 1 v. :
Otras características físicas il. ;
Dimensiones 21 cm.
490 1# - MENCIÓN DE SERIE
Mención de serie Colección española de monografías médicas
500 ## - NOTA GENERAL
Nota general Contiene además, con port. propia: Notas prácticas de diagnóstico y terapéutica: Mixedemia infantil y su tratamiento / C. Pérez Vitoria. El tratamiento de las enfermedades del oído medio en la infancia / Lawrence R. Boies. Cuando se sospechará una sífilis. Editorial. 33 p. (vol. 49)
650 14 - PUNTO DE ACCESO ADICIONAL DE MATERIA--TÉRMINO DE MATERIA
Término de materia o nombre geográfico como elemento de entrada Poliomielitis.
9 (RLIN) 16265
700 1# - ENTRADA AGREGADA--NOMBRE PERSONAL
Nombre de persona Farreras Valentí, Pedro,
Fechas asociadas al nombre 1916-1968
9 (RLIN) 48899
700 1# - ENTRADA AGREGADA--NOMBRE PERSONAL
Nombre de persona Pérez-Soler, Agustín.
9 (RLIN) 91165
830 0# - PUNTO DE ACCESO ADICIONAL DE SERIE-TÍTULO UNIFORME
Título uniforme Colección española de monografías médicas
9 (RLIN) 181541
852 ## - LOCALIZACIÓN
Ubicación ES-MaACL
Número de control de estantería C-4138
Holdings
Estatus retirado Estado de pérdida Estado de daño No para préstamo Biblioteca de origen Biblioteca actual Ubicación en estantería Fecha de adquisición Fuente de adquisición Total de préstamos Signatura topográfica completa Código de barras Visto por última vez Precio de reemplazo Tipo de ítem Koha
        Biblioteca del Ateneo de Madrid Biblioteca del Ateneo de Madrid Sala Palomar 17/01/2008     C-4138 1072002 23/02/2023 23/02/2023 Libro impreso